| Tag |
First Indicator |
Second Indicator |
Subfields |
| LEADER |
00000cam a2200000 i 4500 |
| 001 |
in00004079513 |
| 005 |
20190718163651.0 |
| 006 |
m o d f |
| 007 |
cr ||||||||||| |
| 008 |
190208s2010 dcu ob f000 0 eng c |
| 035 |
|
|
|a (OCoLC)on1084976133
|
| 040 |
|
|
|a GPO
|b eng
|e rda
|e pn
|c GPO
|d MvI
|d UtOrBLW
|
| 042 |
|
|
|a pcc
|
| 043 |
|
|
|a n-us---
|
| 049 |
|
|
|a WWW
|
| 074 |
|
|
|a 0378-H-35 (online)
|
| 086 |
0 |
|
|a D 5.426/2:3/TEACHER
|
| 100 |
1 |
|
|a Potter, Joshua,
|e author.
|0 http://id.loc.gov/authorities/names/n2010059586
|
| 245 |
1 |
0 |
|a Right and wrong, balanced on the edge of a spear :
|b U.S. Forces at a mosque in Baghdad /
|c Joshua Potter.
|
| 246 |
3 |
0 |
|a U.S. Forces at a mosque in Baghdad
|
| 250 |
|
|
|a Teacher edition.
|
| 264 |
|
1 |
|a Washington, DC :
|b Center for Complex Operations, National Defense University,
|c [2010]
|
| 264 |
|
4 |
|c ©2010
|
| 300 |
|
|
|a 1 online resource (16 pages).
|
| 336 |
|
|
|a text
|b txt
|2 rdacontent
|
| 337 |
|
|
|a computer
|b c
|2 rdamedia
|
| 338 |
|
|
|a online resource
|b cr
|2 rdacarrier
|
| 490 |
1 |
|
|a Complex operations case studies series ;
|v no. 3
|
| 500 |
|
|
|a Includes teaching notes and teaching plan.
|
| 504 |
|
|
|a Includes bibliographical references.
|
| 588 |
|
|
|a Description based on online resource; title from PDF cover (CCO website, viewed February 08, 2019).
|
| 651 |
|
0 |
|a United States
|x Armed Forces
|x Operational readiness.
|0 http://id.loc.gov/authorities/subjects/sh85139864
|
| 651 |
|
0 |
|a Baghdad (Iraq)
|0 http://id.loc.gov/authorities/names/n80006292
|
| 650 |
|
0 |
|a Mosques
|z Iraq
|z Baghdad.
|
| 710 |
2 |
|
|a National Defense University.
|b Center for Technology and National Security Policy.
|b Center for Complex Operations,
|e issuing body.
|0 http://id.loc.gov/authorities/names/no2009193129
|
| 830 |
|
0 |
|a Case study (National Defense University. Center for Technology and National Security Policy. Center for Complex Operations) ;
|v 3.
|0 http://id.loc.gov/authorities/names/no2017073850
|
| 856 |
4 |
0 |
|u https://purl.fdlp.gov/GPO/gpo115887
|t 0
|
| 999 |
f |
f |
|s dccab219-8709-38ca-9c42-94b00a887864
|i 977ac717-4079-306e-8202-e2da8e8c172b
|t 0
|
| 952 |
f |
f |
|a Texas A&M University
|b College Station
|c Electronic Resources
|d Available Online
|t 0
|e D 5.426/2:3/TEACHER
|h Superintendent of Documents classification
|
| 998 |
f |
f |
|a D 5.426/2:3/TEACHER
|t 0
|l Available Online
|